00490nam a2200181 a 4500001001300000003000900013005001700022008004100039020001000080082002100090100002600111245003100137260002800168300000900196500003500205505004400240650002400284nice12345678IN_TiNIC20260116013534.0050524s2000 jaia grp 000 0 eng  ac47500a306.0899145bPAN aPanigrahi, Nilakantha aTrading Community of India aJaipurbRawat Pubc2000 a252p aincludes index and biblioraphy2 aCommunal and Ethinic Violence in India. aCaste-India Gujarat